Responses for Show #5710 - Friday, June 5, 2009

Contestants

[<< previous game]

Roy Ha, a geophysicist from Sugar Land, Texas

Bonnie Fish, a contract writer and retired educator from Cameron, Missouri

Andrew Schwartz, an independent filmmaker from Miami, Florida (whose 1-day cash winnings total $19,787)

[next game >>]

Jeopardy! Round responses

HOLIDAYS & OBSERVANCES
HOLLYWOULDN'T
DOG-EARED PAGES
NAUTICAL RHYME TIME
JUNE 5 BABIES
WHAT'S YOUR FUNCTION?
    $200 16
Hinduism

Roy
    $200 11
E.T.

Roy
    $200 6
(Bonnie: What is the--The Wizard of Oz?)

Toto

BonnieRoy
    $200 1
a stag flag

Andrew
    $200 26
(Alex: His name is [*]--big winner.)

Kenny G

Triple Stumper
    $200 21
drones

Roy
    $400 17
Victoria

Roy
    $400 12
Jack Black

Andrew
    $400 7
(Alex: That was Jack London's [*].)

The Call of the Wild

Triple Stumper
    $400 2
(Roy: [*].)
(Alex: What is [*]?--you're gonna have to remember that.)

a brig jig

Roy
    $400 27
(Bonnie: Who is Che Guevara?)

Pancho Villa

BonnieRoy
    $400 22
F12

Andrew
    $600 18
(Roy: What is Flag Day?)

Armed Forces Day

Roy
Triple Stumper
    $600 13
Ghostbusters

Roy
    $600 8
(Roy: What is Old Yeller?)

To Kill a Mockingbird

Roy
Triple Stumper
    $600 3
a port tort

Andrew
    $600 28
(Alex: Because he killed Billy the Kid--[*].)

Pat Garrett

Triple Stumper
    $600 23
the sabre

Roy
    $1,600 19
(Alex: Yeah--you pulled that one out of thin air. Way to go!)

Mary & Joseph

Roy
    $800 14
A Confederacy of Dunces

Andrew
    $800 9
Because of Winn-Dixie

Andrew
    $800 4
a fruity booty

Roy
    $800 29
John Maynard Keynes

Roy
    $800 24
the Tropic of Capricorn

Triple Stumper
    $1000 20
(Simón) Bolívar

Roy
    $1000 15
(Salvador) Dali

Andrew
    $1000 10
Thomas Pynchon

Triple Stumper
    $1000 5
an albatross sauce

Bonnie
    $1000 30
Christy Brown

Triple Stumper
    $1000 25
the kidneys

Bonnie

Scores at the first commercial break (after clue 15):

Andrew Bonnie Roy
$3,800 $800 $1,600

Scores at the end of the Jeopardy! Round:

Andrew Bonnie Roy
$4,200 $1,400 $6,200

Double Jeopardy! Round responses

WORLD CAPITALS
I REMEMBER TELEVISION
MERRIAM-WEBSTER'S TOP 10 WORDS OF 2008
WOMEN IN SCIENCE
ALPHABETICALLY FIRST
A GLASS OF PORT
(Kelly: ...from the Sandeman Cellars in where else but Portugal.)
    $400 1
Caracas

Bonnie
    $400 18
(Andrew: What is The Sonny & Cher Show?)
(Alex: No.)
(Andrew: Damn.)

The Carol Burnett Show

AndrewBonnie
    $400 11
bailout

Andrew
    $400 16
nuclear fission

Andrew
    $400 6
Earth

Bonnie
    $400 25
(Alex: It's a [*]--more alcohol than regular wine.)

fortified wine

Triple Stumper
    $800 2
Bratislava

Bonnie
    $800 19
Hogan's Heroes

Andrew
    $800 12
socialism

Roy
    $800 17
(Margaret) Mead

Bonnie
    $800 7
the Bronx

Andrew
    $1200 3
Montevideo & Buenos Aires

Triple Stumper
    $1200 20
Route 66

Bonnie
    $1200 13
rogue

Roy
    $1200 23
(Roy: Who is Cousteau?)
...
(Alex: With a minute to go now, Roy.)

Rachel Carson

Roy
Triple Stumper
    $1200 8
Brown

Bonnie
    $1,000 26
(Roy: What is Madeira?)
[The end-of-round signal sounds.]

tawny

Roy
    $1600 4
Dhaka

Bonnie
    $1600 21
(Bonnie: What is Marcus Welby, M.D. and Ben Casey?)

Dr. Kildare & Ben Casey

Bonnie
Triple Stumper
    $1600 14
misogyny

Roy
    $1600 24
Mary Leakey

Triple Stumper
    $1600 9
(Roy: What is Andorra?)

Albania

Roy
Triple Stumper
    $2000 5
Accra

Bonnie
    $2000 22
Dark Shadows

Roy
    $2000 15
vet

Triple Stumper
    $2,000 10
(Bonnie: What is Exodus?)
(Alex: [Inhales sharply through his teeth in rejection])
(Bonnie: [Realizing her mistake] What is [*]?)
(Alex: What--Deuter--[*]. Yes.)
(Bonnie: [Sighs] Uh. [Laughs] Oh, that's fine!)
(Alex: It sounded as if you're say, "What are you doing to me?")
(Bonnie: Um...)
(Alex: [*]. Sorry.)
(Bonnie: That's all right.)

Deuteronomy

Bonnie

Scores at the end of the Double Jeopardy! Round:

Andrew Bonnie Roy
$6,200 $6,600 $8,000

[wagering suggestions for these scores]

Final Jeopardy! Round responses

STATE QUARTERS
(Alex: [*], on its quarter, has the Spanish galleon of Ponce de Léon, which dates all the way back to 1513.)
AndrewWhat is Florida?
$6,001
BonnieWhat is Connecticut
$6,598
RoyWhat is Delaware?
$4,200
Florida

Final scores:

Andrew Bonnie Roy
$12,201 $2 $3,800
2-day champion: $31,988 3rd place: $1,000 2nd place: $2,000

Game dynamics:

Coryat scores:

Andrew Bonnie Roy
$6,200 $8,600 $8,200
11 R,
1 W
11 R,
4 W
(including 1 DD)
17 R
(including 1 DD),
5 W
(including 1 DD)

Combined Coryat: $23,000

[game clues] [game scores] [suggest correction]

Game tape date: 2009-03-03
The J! Archive is created by fans, for fans. Scraping, republication, monetization, and malicious use prohibited; this site may use cookies and collect identifying information. See terms. The Jeopardy! game show and all elements thereof, including but not limited to copyright and trademark thereto, are the property of Jeopardy Productions, Inc. and are protected under law. This website is not affiliated with, sponsored by, or operated by Jeopardy Productions, Inc. Join the discussion at JBoard.tv.